Video Game By Tree - Statistics

General Stats
  • This quiz has been taken 28 times
  • The average score is 7 of 20
Answer Stats
Picture Answer % Correct
Temple Run
89%
LittleBigPlanet
82%
The Legend Of Zelda: Ocarina Of Time
82%
Kirby: Star Allies
79%
Club Penguin
68%
Yo-Kai Watch
50%
Celeste
46%
Hollow Knight
43%
Ori And The Blind Forest
39%
Elden Ring
36%
Factorio
18%
Grim Fandango
18%
Sekiro: Shadows Die Twice
18%
The Battle of Polytopia
14%
Chipper & Sons Lumber Co.
11%
Skylanders: Swap Force
11%
World Of Warcraft
11%
Final Fantasy IX
7%
de Blob
4%
Yoku's Island Express
4%
No matching quizzes found
Score Distribution
Percent of People with Each Score
Percentile by Number Answered
Your Score History
You have not taken this quiz